Φορτώνει......

The Wealth of India: a dictionary of Indian raw materials and industrial products

Λεπτομέρειες βιβλιογραφικής εγγραφής
Μορφή: Printed Book
Έκδοση: New Delhi, CSIR 1948
Σειρά:8.1-8
Θέματα:
LEADER 005640000a22001570004500
082 |a 333.709 54 H8.1-8 
245 |a The Wealth of India: a dictionary of Indian raw materials and industrial products 
260 |a New Delhi, CSIR 
260 |c 1948 
490 |a 8.1-8 
500 |a Council of Scientific and Industrial Research New Delhi  |e IN 
650 |a India 
650 |a Natural resources 
942 |c BK 
999 |c 11585  |d 11585 
952 |0 0  |1 0  |4 0  |6 333_709000000000000_54_H8_18  |7 0  |8 REF  |9 11381  |a MGUL  |b MGUL  |d 2013-07-16  |l 0  |o 333.709 54 H8.1-8  |p 11270  |r 2019-03-26  |w 2013-07-16  |y REF